000 00438nam a2200157Ia 4500
999 _c10009
_d10009
008 200103s 1965 ||||xx |||||||||||||| ||und||
082 _a621.3076
_bHAM
100 _aHamill, B.
245 0 _aProblems in electrical engineering for technical students
260 _bIliffe Books Ltd
_c1965
_aLondon
300 _a197 p.: ill.
650 _aElectromagnetism
650 _aElectrostatics
650 _aIllumination
942 _cBK